[Event "Boeing Swiss"]
[Site "?"]
[Date "1974.02.27"]
[Round "3"]
[White "Kanellis, G."]
[Black "Bailey, B."]
[Result "0-1"]
[WhiteElo "1725"]
[BlackElo "2050"]
[Annotator "Stockfish 13 (15s)"]
[PlyCount "138"]
[EventDate "1974.??.??"]

{D32: Tarrasch Defence: Sidelines and lines without g3} 1. d4 d5 2. c4 e6 3.
Nf3 c5 4. cxd5 exd5 5. dxc5 Bxc5 6. e3 Nf6 7. Nc3 {
Attacking the isolated pawn on d5} (7. Nbd2 O-O 8. Nb3 Bb6 9. Be2 Nc6 10. O-O
Qd6 11. Nbd4 Bg4 12. Nb5 Qe6 13. Re1 Bxf3 14. Bxf3 Rfe8 15. Bd2 a6 16. Nc3 Ne5
17. Na4 Ba7 18. Bc3 Rad8 19. Rc1 b5 20. Bxe5 Qxe5 21. Nc3 Rd6 {
Skembris,S (2420)-Brunner,L (2505) Haifa 1989 1/2-1/2}) 7... O-O 8. Bd3 (8. Be2
Nc6 9. O-O Re8 10. b3 a6 11. Bb2 b5 12. Rc1 Qd6 13. Qc2 Nd7 14. Rfd1 Ne7 15.
Ne4 Qg6 16. Nxc5 Qxc2 17. Rxc2 Nxc5 18. Rxc5 Be6 19. Ng5 h6 20. Nxe6 fxe6 21.
Rc7 Rac8 22. Rdc1 Rcd8 {
Czeitschner,R (1821)-Maertins,L (1642) Bad Woerishofen 2002 1-0 (36)}) 8... Nc6
9. O-O Bg4 $146 (9... b6 10. a3 Bb7 11. b4 Bd6 12. Nb5 Bb8 13. Bb2 a6 14. Nbd4
Ne7 15. Rc1 Qd7 16. Ne2 Bd6 17. Bxf6 gxf6 18. Ng3 Qg4 19. Bb1 Bxg3 20. hxg3
Rfc8 21. Qd3 Qe4 22. Qd2 Qg4 23. Nd4 f5 24. Ne2 {
Burille,C-Gossip,G New York 1889 1/2-1/2 (36)}) 10. Na4 (10. Be2 $5 $11) 10...
Bd6 $15 11. Be2 Qc7 (11... Qe7 $142 $17) 12. g3 $2 (12. h3 $5 Bf5 13. Nc3 $11)
12... Qd7 (12... Rfe8 $5 13. Nc3 Rad8 14. Nb5 $19) 13. Nc3 $17 Qf5 (13... Bb4
$142 14. Bd2 Rfe8 $17) 14. Nh4 $11 Bxe2 15. Nxf5 Bxd1 16. Rxd1 Rfd8 (16... Be5
$5 $11) 17. Nxd6 $14 Rxd6 18. Nb5 (18. b3 Rd7 $14) 18... Rd7 $11 19. f3 Rc8 20.
Bd2 a6 21. Nd4 (21. Na3 $5 $14) 21... Nxd4 $11 22. exd4 Rc2 23. Bc3 Re7 24. Re1
Ree2 25. Rxe2 Rxe2 26. Re1 Rxe1+ 27. Bxe1 h5 28. h4 Kh7 29. Bd2 Kg6 30. Kf2 Kf5
31. a4 Nd7 32. b3 Nb8 33. Bc3 Nc6 34. Ke3 f6 35. Kf2 Na7 36. Bb4 b5 37. Bc5 Nc6
38. axb5 axb5 39. Ke3 Na5 40. b4 Nc4+ 41. Ke2 g5 42. hxg5 fxg5 43. Be7 Nb6 44.
Kf2 Nd7 45. Kg2 Nb8 46. Kf2 Nc6 47. Bc5 h4 48. Kg2 hxg3 49. Kxg3 Nd8 50. Kf2
Ne6 51. Ke3 Nf4 52. Kf2 Nd3+ 53. Ke3 Ne1 54. Ke2 Nc2 55. Kf2 g4 56. fxg4+ $4 (
56. Kg3 $142 $11) 56... Kxg4 $19 57. Ke2 Kf4 58. Kd2 Ne3 59. Kd3 Ng4 60. Bd6+
Kf5 (60... Kf3 61. Kd2 $19) 61. Bc5 Nf2+ (61... Kf4 62. Bb6 $19) 62. Kd2 $4 (
62. Ke3 $142 Nd1+ 63. Ke2 Nc3+ 64. Ke3 $11) 62... Ke4 $19 63. Bd6 Nd3 64. Bc5
Nf4 65. Bb6 Ne6 66. Kc3 Ke3 67. Bc5 Nf4 68. Kc2 Ne2 69. Bb6 Ke4 0-1

[Event "Boeing Swiss"]
[Site "?"]
[Date "1974.03.19"]
[Round "4"]
[White "Bailey, B."]
[Black "Pitt, A."]
[Result "1-0"]
[WhiteElo "2050"]
[BlackElo "1924"]
[Annotator "Stockfish 13 (15s)"]
[PlyCount "95"]
[EventDate "1974.??.??"]

{C54: Giuoco Piano: 4 c3 Nf6, main lines with 5 d4 and 5 d3} 1. e4 e5 2. Bc4
Bc5 3. c3 Nc6 4. Nf3 Nf6 5. d4 exd4 6. e5 Ne4 7. cxd4 Bb4+ 8. Nbd2 d5 9. Be2 (
9. Bb3 Bg4 10. Ba4 a6 11. Bxc6+ bxc6 12. h3 Bxd2+ 13. Bxd2 Bxf3 14. gxf3 Qh4
15. Be3 Ng5 16. Rc1 Kd7 17. Ke2 Rab8 18. Qc2 Rb6 19. Qf5+ Ne6 20. Qxf7+ Qe7 21.
Qxe7+ Kxe7 22. Rc2 Rhb8 23. b3 Kd7 {Exton,O-Schortz,O Swansea 2006 1/2-1/2 (31)
}) 9... Bf5 10. O-O O-O 11. a3 $146 (11. Nb3 f6 12. a3 Be7 13. Bf4 fxe5 14.
Nxe5 Bd7 15. Nxd7 Rxf4 16. Bg4 Ng5 17. Ne5 Nxe5 18. dxe5 c6 19. g3 Rf8 20. f4
Qb6+ 21. Kg2 Ne4 22. Qc2 g6 23. Rac1 Rab8 24. Bf3 g5 25. Bxe4 dxe4 {
Ehrke,A (2210)-Comp Galileo II Dortmund 1989 1-0 (44)}) 11... Be7 12. b4 $4 (
12. Re1 $142 $11) 12... Nc3 $19 13. Qe1 a6 $4 (13... a5 $142 $5 14. b5 Na7 $19)
14. Bb2 (14. Nb3 $5 Nxe2+ 15. Qxe2 $15) 14... Nxe2+ $17 15. Qxe2 Qd7 16. Rfc1
Qe6 (16... Nd8 $5 $17) 17. Rc3 $15 Qg6 18. Qe3 Rac8 19. Rac1 Bh3 20. Ne1 Bf5
21. Nd3 Bxd3 22. Rxd3 Nd8 23. Rdc3 (23. f4 $5 f6 24. Rf1 fxe5 25. dxe5 $11)
23... Ne6 $15 24. f4 (24. Qd3 $15) 24... Qg4 (24... f6 $142 25. Nf3 Qf5 $17)
25. Rf1 $11 g5 (25... f5 $142 $11) 26. Qf2 $4 (26. f5 $142 Nf4 27. g3 Ne2+ 28.
Kg2 Nxc3 29. Bxc3 $11) 26... Nxf4 $19 27. Kh1 Qe6 28. Rg3 (28. Nf3 Ng6 29. h3
f6 $19) 28... Kh8 (28... Nh5 29. Re3 Qg6 30. g3 $19) 29. Bc1 (29. Nb3 b6 $17)
29... f6 30. Nb3 (30. Nf3 fxe5 31. dxe5 Nh5 32. Rxg5 Bxg5 33. Bxg5 Rce8 $19)
30... fxe5 31. dxe5 Nh5 (31... Nd3 32. Qe2 Rxf1+ 33. Qxf1 Nxc1 34. Qxc1 Qxe5
35. Re3 $19) 32. Rf3 Rxf3 33. Qxf3 $4 (33. gxf3 Rf8 34. Nd4 $19) 33... Rf8 34.
Qe2 Nf4 (34... Rxf1+ $142 35. Qxf1 Qxe5 $19) 35. Qc2 $2 (35. Bxf4 $142 gxf4 36.
Nd4 $11) 35... Qf5 $4 (35... Kg8 $142 36. Qxc7 Nd3 37. Rxf8+ Kxf8 $19) 36. Qxc7
(36. Qxf5 $142 Rxf5 37. g3 Rxe5 38. gxf4 $18) 36... Qe4 (36... Qd3 $142 37. Nd2
Qxf1+ 38. Nxf1 Ne6 $19) 37. Bxf4 $11 Rxf4 38. Rc1 Bf8 39. h3 $4 (39. Rg1 $142
$11) 39... Rf2 $19 40. Rg1 h6 (40... g4 $142 41. Qc3 gxh3 42. Qxh3 Qxe5 $19)
41. Nc5 $11 Bxc5 42. Qxc5 d4 43. Qd6 Kg7 44. e6 Kg6 (44... d3 $5 $11) 45. e7+
$16 Kh5 $4 (45... Kf7 $142 $16) 46. e8=Q+ $1 Qxe8 (46... Qxe8 47. g4+ {
Mate attack Decoy}) 47. g4+ Kh4 48. Qg3# 1-0

[Event "Boeing Swiss"]
[Site "?"]
[Date "1974.04.02"]
[Round "5"]
[White "Groome, C."]
[Black "Bailey, B."]
[Result "0-1"]
[WhiteElo "100"]
[BlackElo "2050"]
[Annotator "Stockfish 13 (15s)"]
[PlyCount "48"]
[EventDate "1974.??.??"]

{C38: King's Gambit Accepted: 3 Nf3 g5 4 Bc4 Bg7} 1. e4 e5 2. f4 exf4 3. Nf3 d6
4. Bc4 h6 5. d4 g5 6. O-O Bg7 7. g3 g4 8. Nh4 f3 9. c3 (9. Nc3 Nc6 10. Be3 Nf6
11. Qd2 (11. Qd3 O-O 12. a3 Be6 13. Rae1 Bxc4 14. Qxc4 Nxe4 15. d5 Nxc3 16.
dxc6 Ne2+ 17. Kh1 Qc8 18. Nxf3 Nxg3+ 19. hxg3 gxf3 20. Rxf3 Qh3+ 21. Kg1 bxc6
22. Ref1 Rae8 23. g4 Qh4 24. Bf2 Qg5 25. Bxa7 c5 {
Tommiska,M (2223)-Kivimaki,J (2208) Finland 2005 0-1 (34)}) 11... Nxe4 12. Nxe4
d5 13. Nc3 dxc4 14. Rae1 O-O 15. d5 Ne7 16. Bxh6 Ng6 17. Nxg6 fxg6 18. Bxg7
Kxg7 19. Qd4+ Qf6 20. Re7+ Kg8 21. Qxf6 Rxf6 22. Rxc7 Bf5 23. Rxc4 Re8 {
Spassky,B (2610)-Karpov,A (2700) Hamburg 1982 1-0 (84)}) 9... Bf6 10. Nf5 $4
$146 (10. Qb3 Bxh4 11. Bxf7+ Kf8 12. Bxg8 Qf6 13. e5 dxe5 14. dxe5 Qg6 15. Bd5
c6 16. gxh4 cxd5 17. Qxd5 Nc6 18. Bf4 Kg7 19. Qd6 Rd8 20. Qxg6+ Kxg6 21. Na3
Bf5 22. Rad1 Bd3 23. Rfe1 Kf5 24. Bxh6 Be2 {
Schiffers,E-Chigorin,M St Petersburg 1878 1-0 (48)}) (10. Nxf3 gxf3 11. Qxf3
Nc6 12. Bf4 Qe7 13. Na3 Bd7 14. Qh5 O-O-O 15. Rae1 Bg5 16. Nc2 Bxf4 17. Rxf4 f5
18. exf5 Nf6 19. Qf3 Qg7 20. Be6 h5 21. d5 Ne5 22. Qe3 Kb8 23. Nd4 h4 24. Bxd7
Nxd5 {Szmetan,J-Rubinetti,J Buenos Aires 1972 0-1}) (10. Qb3 $142 Rh7 11. Ng6
$15) 10... Bxf5 $19 11. exf5 d5 12. Bd3 Qd7 (12... Bg5 13. h3 h5 14. Kf2 $19)
13. Bf4 (13. Nd2 Nc6 $19) 13... Nc6 14. Nd2 (14. Re1+ Kf8 $19) 14... O-O-O (
14... Bg5 $142 15. Re1+ Kf8 $19) 15. a4 $2 (15. Qa4 a6 16. Nb3 Nb8 17. Qxd7+
Nxd7 $19) 15... h5 (15... Bg5 16. Bxg5 hxg5 17. a5 $19) 16. Nxf3 $2 (16. a5
$142 a6 17. b4 $19) 16... gxf3 17. Qxf3 Nge7 18. Bd2 (18. b4 Kb8 $19 (18...
Nxf5 $6 19. Be5 Nfxd4 20. cxd4 Bxe5 21. Bf5 Bxd4+ 22. Kg2 Bxa1 23. Rxa1 $11))
18... Na5 (18... a5 $142 $19) 19. Ra3 (19. Bf4 $19) 19... Nc4 20. Bxc4 dxc4 21.
b3 cxb3 (21... Qd6 22. Rfa1 c5 23. bxc4 cxd4 24. Rb1 $19) 22. Rxb3 Qd5 23. Rb5
(23. Qxd5 Rxd5 24. Kg2 Rg8 $19) 23... Qxf3 24. Rxf3 Rd5 0-1

[Event "Boeing Swiss"]
[Site "?"]
[Date "1974.04.16"]
[Round "6"]
[White "Bailey, B."]
[Black "Pitkanen, T."]
[Result "1/2-1/2"]
[WhiteElo "2050"]
[BlackElo "1928"]
[Annotator "Stockfish 13 (15s)"]
[PlyCount "42"]
[EventDate "1974.??.??"]

{C01: French: Exchange Variation} 1. e4 e6 2. d4 d5 3. exd5 exd5 4. Bd3 Nc6 5.
Nf3 Bg4 6. c3 Qf6 7. Nbd2 Bd6 8. b4 Nge7 9. O-O O-O 10. Qc2 Ng6 11. Bxg6 $146 (
11. h3 Bd7 12. Nh2 Nf4 13. Ndf3 h6 14. Bxf4 Qxf4 {
1/2-1/2 (14) Kraus,J (2050)-Saring,C (2015) Bayern 1998}) (11. b5 Nd8 12. h3
Bd7 $15) 11... fxg6 12. Bb2 (12. h3 Bf5 (12... Bxf3 $6 13. Nxf3 Qf5 14. Qxf5
gxf5 15. Re1 $11) 13. Qb3 Be6 $17) 12... Rae8 (12... g5 $5 13. b5 Bf5 $19) 13.
Rae1 $17 Ne7 (13... g5 $5 14. Rxe8 Rxe8 $17) 14. Ne5 $15 Bf5 15. Qb3 c6 (15...
g5 16. Ne4 Qh6 17. Ng3 $15) 16. Ne4 (16. f4 Bxe5 17. dxe5 Qe6 $11) 16... Bxe4
$15 17. Rxe4 Qf5 (17... h6 18. Bc1 $15) 18. Re2 g5 19. Qd1 (19. b5 Ng6 20. Nxg6
Rxe2 21. Nxf8 Qc2 $11 (21... Kxf8 $143 22. Ba3 Bxa3 23. Qxa3+ Re7 24. Qxa7 cxb5
25. h3 $14)) 19... Rf6 (19... Ng6 20. Nxg6 Rxe2 21. Qxe2 Qxg6 22. Re1 $11) 20.
Qd2 (20. Bc1 Ng6 21. Ng4 Rff8 $11) 20... Ref8 (20... Re6 21. Rfe1 $15) 21. Bc1
$11 h6 1/2-1/2

[Event "Boeing Action"]
[Site "?"]
[Date "1974.04.23"]
[Round "1"]
[White "Dillinger, J."]
[Black "Bailey, B."]
[Result "0-1"]
[WhiteElo "100"]
[BlackElo "2050"]
[Annotator "Stockfish 13 (15s)"]
[PlyCount "36"]
[EventDate "1974.??.??"]

{A43: Schmid Benoni} 1. d4 c5 2. dxc5 e5 3. Be3 (3. Nf3 Nc6 4. c3 Bxc5 5. e4 d6
6. Bc4 Nf6 7. O-O O-O 8. Qe2 h6 9. h3 a6 10. a4 Nh5 11. Kh2 Kh8 12. g3 f5 13.
Ng5 Nf6 14. Nf7+ Rxf7 15. Bxf7 fxe4 16. Bg6 Qd7 17. g4 Qe7 {
Andersson,T (2215)-Hultin,J (2225) Sweden 1992 0-1}) (3. c4 Bxc5 4. e3 Nf6 5.
Nc3 O-O 6. a3 a5 7. b3 d6 8. Bd3 Re8 9. Ne4 Nxe4 10. Bxe4 f5 11. Bd5+ Kh8 12.
Ne2 Nc6 13. O-O Qf6 14. Bb2 Qh6 15. Ng3 Be6 16. Qh5 Qxh5 17. Nxh5 Bxd5 {
Stoll,R (1781)-Gehrke,R (2057) Hamburg 2005 1/2-1/2 (45)}) 3... Nc6 $146 (3...
Qa5+ 4. Qd2 Qxd2+ 5. Nxd2 Na6 6. Nb3 Ne7 7. Nf3 f6 8. O-O-O Nf5 9. Bd2 Nxc5 10.
Nxc5 Bxc5 11. e3 b6 12. Bd3 d5 13. e4 Ne7 14. exd5 Nxd5 15. Be4 Be6 16. c4 Rd8
17. cxd5 Bc8 18. Be3 {Rosinus,K-Plietz,B Mehlingen 2000 1-0}) (3... f5 4. g3
Nf6 5. Nc3 d5 6. cxd6 Bxd6 7. Qd2 Qe7 8. O-O-O Bb4 9. a3 Ne4 10. Qd8+ Qxd8 11.
Rxd8+ Kxd8 12. Nxe4 fxe4 13. axb4 Nc6 14. Bg2 Bf5 15. f3 Nxb4 16. fxe4 Bg6 17.
Nh3 h6 18. Nf2 {Kiss,A (2108)-Kadas,G (2224) Nyiregyhaza 2003 1-0}) 4. c3 (4.
Nf3 $5 Nf6 5. Nc3 $16) 4... Nf6 $11 5. h3 (5. Nf3 $142 h6 6. Qa4 $14) 5... a5 (
5... h6 6. g4 b6 7. Bg2 $15) 6. a4 (6. Nf3 $5 $16) 6... Qc7 (6... Ne4 7. Qd5
Nf6 8. Qb3 $11) 7. g3 (7. Na3 Na7 $11) 7... Ne7 (7... Na7 8. Nd2 Bxc5 9. Nc4
Bxe3 10. Nd6+ Kf8 11. fxe3 $11) 8. Na3 (8. Qd6 Qxd6 9. cxd6 Nf5 $11) 8... Ned5
(8... Nf5 $142 9. Bg5 Bxc5 10. Bxf6 Qb6 $11) 9. Qd3 (9. Nb5 $5 Qc6 10. Qd2 Bxc5
11. Bxc5 Qxc5 12. Nf3 $11) 9... Nxe3 (9... e4 $5 10. Qd4 Nxe3 $17) 10. Qxe3 $15
Bxc5 $4 (10... Qxc5 $142 11. Qxc5 Bxc5 $15) 11. Qf3 $4 (11. Nb5 $142 Qb6 12.
Qxe5+ Kf8 13. e3 $16) 11... d5 $19 12. e3 O-O 13. Bb5 Be6 14. O-O-O (14. Ne2
Rad8 15. Qg2 $19) 14... Bxa3 15. bxa3 (15. Ne2 Be7 16. Qg2 $19) 15... Qxc3+ 16.
Kb1 Qb3+ 17. Ka1 Ne4 (17... Qxa3+ 18. Kb1 Rfc8 19. Qe2 Ne4 20. Qb2 Nc3+ 21. Kc2
Nxd1+ 22. Kxd1 Qxb2 23. Bc4 Rxc4 24. Ne2 Rc2 25. f3 Qb1+ 26. Nc1 Qxc1#) 18. Rb1
(18. Ne2 d4 19. Nc1 Qxa3+ 20. Kb1 Rac8 21. Qe2 Nc3+ 22. Kc2 Nxa4+ 23. Kb1 Rxc1+
24. Rxc1 Bf5+ 25. e4 Bxe4+ 26. Bd3 Bxd3+ 27. Qxd3 Qb2#) 18... Qxa3# 0-1

[Event "Boeing Action"]
[Site "?"]
[Date "1974.04.23"]
[Round "2"]
[White "Bailey, B."]
[Black "Riekstins, U."]
[Result "1-0"]
[WhiteElo "2050"]
[BlackElo "1526"]
[Annotator "Stockfish 13 (15s)"]
[PlyCount "42"]
[EventDate "1974.??.??"]

{C87: Closed Ruy Lopez: Steinitz-type lines after 6 Re1 d6} 1. e4 e5 2. Nf3 Nc6
3. Bb5 a6 4. Ba4 Nf6 5. O-O Be7 6. Re1 O-O 7. Bxc6 bxc6 8. Nxe5 Bb7 9. d3 (9.
Nf3 d5 10. e5 Ne4 11. d3 Nc5 12. Nbd2 Ne6 13. Nf1 c5 14. Ng3 Re8 15. Ne2 d4 16.
Nf4 Kh8 17. Nxe6 fxe6 18. Nd2 Rf8 19. Nc4 Qe8 20. Qg4 Rf5 21. Bd2 Qf7 22. Re2
Rf8 23. Rf1 Rf3 {Ernst,T (2500)-Ivanov,A (2525) Gausdal 1991 0-1 (38)}) 9... d5
(9... d6 10. Nf3 Re8 11. Nc3 c5 12. Bg5 h6 13. Bh4 Nd7 14. Bxe7 Qxe7 15. Nd5
Qd8 16. c4 Nf6 17. b3 Nxd5 18. exd5 c6 19. dxc6 Bxc6 20. Rxe8+ Qxe8 21. Qe1 Qd8
22. Qe2 Qf6 23. Re1 Re8 24. Qd1 {Naouali,B-Baik Joungann Acri 2006 1-0 (31)})
10. Nc3 Bd6 11. Nf3 $146 (11. Ng4 Nxg4 12. Qxg4 f5 13. exf5 Bc8 14. Bg5 Qd7 15.
Qh4 Qxf5 16. Be7 Bxe7 17. Rxe7 Be6 18. Re1 Rf6 19. Qg3 Rg6 20. Qe5 Qg4 21. g3
Bf7 22. Qxc7 Rf6 23. Qe5 Rf8 24. Qe2 Qh3 25. f4 Bh5 {
Rojas Delgado,F-Arteaga Boix,D Ametlla 1998 1-0 (47)}) 11... Qd7 $4 (11... dxe4
$142 12. dxe4 Bb4 $18) 12. e5 Ng4 (12... d4 13. Ne2 $18) 13. exd6 Qxd6 (13...
cxd6 14. h3 Ne5 15. d4 Nxf3+ 16. Qxf3 $18) 14. Qe2 (14. h3 $5 Nf6 15. Bg5 Rae8
$18) 14... c5 (14... h6 15. Qf1 $18) 15. h3 (15. Bg5 f6 16. h3 d4 $18) 15...
Nf6 16. Qe5 (16. Bg5 Rae8 17. Qf1 Nd7 $18) 16... Rfe8 (16... d4 17. Qxd6 cxd6
18. Ne2 $18) 17. Qxd6 cxd6 (17... Rxe1+ 18. Nxe1 cxd6 19. Bf4 $18) 18. Bf4 Rad8
(18... d4 19. Na4 Rad8 20. Rxe8+ Nxe8 21. Nd2 $18) 19. Bg5 Rd7 (19... d4 20.
Bxf6 gxf6 21. Rxe8+ Rxe8 $18) 20. Bxf6 gxf6 (20... Rxe1+ 21. Rxe1 Kf8 $18) 21.
Rxe8+ Kg7 1-0

[Event "Boeing Action"]
[Site "?"]
[Date "1974.04.30"]
[Round "3"]
[White "Bailey, B."]
[Black "Pitt, A."]
[Result "1-0"]
[WhiteElo "2050"]
[BlackElo "1924"]
[Annotator "Stockfish 13 (15s)"]
[PlyCount "100"]
[EventDate "1974.??.??"]

{C45: Scotch Game} 1. e4 e5 2. Bc4 Bc5 3. Nf3 d6 4. d4 exd4 5. Nxd4 Qf6 6. Be3
Nc6 7. c3 Nh6 (7... Ne5 8. Be2 Qg6 9. O-O Bh3 10. Bf3 Nf6 11. Nf5 Bxe3 12. Nxe3
O-O 13. Be2 Rfe8 14. f3 d5 15. Kh1 dxe4 16. gxh3 exf3 17. Bxf3 Rad8 18. Qc2
Nxf3 19. Rxf3 Rxe3 20. Qxg6 Rd1+ 21. Qg1 Rxg1+ 22. Kxg1 {
Acs,P (2245)-Borocz,I (2335) Budapest 1993 0-1 (86)}) 8. h3 $146 (8. O-O Qg6 9.
Kh1 Qxe4 10. Bxh6 gxh6 11. Re1 Qxe1+ 12. Qxe1+ Kf8 13. Nxc6 bxc6 14. Nd2 Bf5
15. Qe2 Re8 16. Qf3 Bg6 17. h3 h5 18. a4 d5 19. Bd3 Kg7 20. Bxg6 hxg6 21. b4
Bd6 22. Nf1 Re7 {Haast,A-Ter Horst,T Hengelo 2004 1-0}) 8... Qg6 9. Nd2 Ne5 (
9... Qxg2 10. Ke2 Qg6 $14) 10. Bf1 (10. g4 $142 Nxc4 11. Qa4+ (11. Nxc4 $143
Qxe4 12. f3 Qe7 $17) 11... Bd7 12. Qxc4 $16) 10... O-O $2 (10... f5 11. Qb3
fxe4 12. O-O-O $11) 11. Qe2 $4 (11. g4 $142 d5 12. Qb3 dxe4 13. g5 $18) 11...
f5 $11 12. Bxh6 $4 (12. f4 $142 Qg3+ 13. Qf2 Qxf2+ 14. Bxf2 $11) 12... Qxh6 $19
(12... gxh6 $6 13. N2f3 Bxd4 14. cxd4 Nxf3+ 15. gxf3 fxe4 16. fxe4 $11) 13. Nc4
(13. Qe3 f4 14. Qe2 Bg4 $19) 13... Nc6 14. Nb3 fxe4 (14... Bb6 15. Nxb6 axb6
16. Qe3 Qxe3+ 17. fxe3 $19) 15. Nxc5 dxc5 16. Qxe4 $4 (16. Qe3 $142 Qxe3+ 17.
Nxe3 $19) 16... Bf5 $19 17. Qd5+ Kh8 (17... Be6 18. Qd2 Qh4 19. Ne3 $19) 18.
Ne3 $4 (18. Be2 $142 Rae8 19. Qd2 $19) 18... Rad8 (18... Rae8 $142 19. O-O-O
Be4 20. Qd2 $19) 19. Qxc5 (19. Qf3 Bg6 20. Qg3 $19) 19... Qf4 (19... b6 $142
20. Qb5 a6 $19) 20. g3 $11 Qe5 21. Qxe5 Nxe5 22. Nxf5 Rxf5 $2 (22... Nf3+ $5
23. Ke2 Rxf5 $11) 23. Be2 (23. f4 Nf3+ 24. Ke2 Nd2 $18) 23... Nf3+ (23... h5
24. Rc1 $16) 24. Bxf3 (24. Kf1 $142 $5 $18) 24... Rxf3 $16 25. Ke2 Rfd3 $4 (
25... Rf6 $142 26. Rhe1 Rdf8 $16) 26. Rad1 $18 R3d6 (26... R3d7 27. Rxd7 Rxd7
28. Rd1 Re7+ 29. Kf3 Rf7+ 30. Kg2 $18) 27. Rxd6 Rxd6 28. Rd1 Re6+ 29. Kf3 Rf6+
30. Ke4 h6 31. f4 Re6+ (31... Rb6 32. Rd8+ Kh7 33. b4 Re6+ 34. Kd4 $18) 32. Kf3
(32. Kf5 Rc6 33. Rd5 Kg8 $18) 32... Re7 (32... a5 33. b3 a4 34. Rd4 axb3 35.
axb3 $18) 33. Rd2 (33. g4 g6 $18) 33... Kh7 (33... a5 34. a4 $18) 34. f5 Rf7 (
34... b6 35. a4 $18) 35. Kf4 g6 36. g4 gxf5 (36... Kg7 37. a4 Re7 $18) 37. gxf5
Kg7 (37... Kg8 38. Rg2+ Kf8 39. Rg6 $18) 38. Rg2+ Kh7 (38... Kf8 39. Rg6 h5 $18
) 39. Ke5 Re7+ 40. Kf6 Rd7 41. Ke6 Rd6+ (41... Rd3 42. f6 Re3+ 43. Kd7 $18) 42.
Ke7 Rd3 43. f6 Re3+ 44. Kf8 Rf3 45. Rg7+ Kh8 46. Rf7 (46. Rg8+ $5 Kh7 47. f7
Re3 $18) 46... Rf2 (46... c5 47. h4 $18) 47. Ke8 Rg2 (47... b6 48. a4 a5 $18)
48. Re7 Rg8+ 49. Kd7 Rf8 (49... Rg3 50. f7 Rf3 51. Ke8 b5 52. f8=Q+ Rxf8+ 53.
Kxf8 b4 54. Rg7 b3 55. axb3 a5 56. Kf7 a4 57. Kg6 a3 58. Rxc7 a2 59. Rc8#) 50.
Re8 Rxe8 (50... Kg8 51. Ke7 Rxe8+ 52. Kxe8 Kh7 53. f7 Kg6 54. f8=Q Kg5 55. Qf2
Kg6 56. Ke7 h5 57. Qf6+ Kh7 58. Kf7 h4 59. Qxh4#) 1-0

[Event "Boeing Action"]
[Site "?"]
[Date "1974.04.30"]
[Round "4"]
[White "Chin, A."]
[Black "Bailey, B."]
[Result "0-1"]
[WhiteElo "2023"]
[BlackElo "2050"]
[Annotator "Stockfish 13 (15s)"]
[PlyCount "64"]
[EventDate "1974.??.??"]

{D13: Slav Defence: Exchange variation without ...Bf5} 1. Nf3 Nf6 2. g3 d5 3.
c4 c6 4. cxd5 cxd5 5. d4 Nc6 6. Bg2 Bg4 7. h3 (7. Ne5 e6 8. Nxg4 Nxg4 9. e4 Nf6
10. exd5 Nxd5 11. O-O Be7 12. Nc3 O-O 13. Nxd5 exd5 14. Be3 Bf6 15. Rc1 Rc8 16.
Rc5 Qb6 17. Qd2 Be7 18. Rxd5 Nb4 19. Rd7 Qe6 20. Rxb7 Rc2 21. Qd1 Rfc8 {
Van der Vliet,F (2395)-Hartoch,R (2405) Leeuwarden 1981 1-0}) (7. Nc3 e6 8. O-O
Rc8 9. Bf4 Bd6 10. Bxd6 Qxd6 11. a3 O-O 12. Rc1 Na5 13. Ne5 Bh5 14. Qa4 Qb6 15.
e3 Nc4 16. Nxc4 Rxc4 17. Qb5 Qc7 18. Na2 Be2 19. Qb3 Bxf1 20. Rxf1 Rc8 21. Nc3
a6 {Aksoy,S (1690)-Hardt,H (2009) Dortmund 2006 0-1 (48)}) 7... Bxf3 8. Bxf3 e6
$146 (8... Qb6 9. e3 e6 10. O-O Bd6 11. Nc3 O-O 12. Rb1 Rac8 13. Bd2 Qd8 14.
Qe2 Qd7 15. Bg2 a6 16. f4 Bb4 17. Qd3 Na5 18. b3 Rc7 19. Na4 Qe7 20. Nc5 Nc6
21. Bxb4 Nxb4 22. Qd2 b6 23. Qxb4 {
Heinl,A-Siegel,G (2285) Germany 1990 1/2-1/2 (54)}) 9. O-O Be7 10. Nc3 O-O 11.
Be3 Rc8 12. Qd2 (12. Qd3 Ne8 $15) 12... Na5 (12... Ne8 $142 $17) 13. Rad1 $4 (
13. Qd3 $142 $11) 13... Nc4 $19 14. Qc2 (14. Qc1 Qb6 15. Na4 $19) 14... Qd7 $4
(14... Nxe3 $142 15. fxe3 Bd6 $19) 15. Bc1 (15. Bg5 Rc7 16. Bxf6 Bxf6 $11)
15... Rc7 (15... b5 16. b3 b4 17. Nxd5 exd5 18. bxc4 Rxc4 19. Qd3 $17) 16. e4 (
16. Qb3 $142 $15) 16... Rfc8 (16... dxe4 17. Bxe4 b5 18. Qd3 $17) 17. Rfe1 (17.
e5 $142 $5 Ne8 18. Qd3 $11) 17... dxe4 18. Bxe4 Nxe4 19. Qxe4 (19. Rxe4 Bf6 20.
Ree1 $17) 19... Nb6 (19... Bb4 $142 20. Rd3 Nb6 $17) 20. d5 $14 exd5 $2 (20...
Bf8 $142 $14) 21. Nxd5 $18 Nxd5 22. Rxd5 f5 $4 (22... Qe6 $142 23. Bf4 Qxe4 24.
Rxe4 f5 25. Rxf5 Rd7 $18) 23. Qd3 (23. Rxd7 $6 fxe4 24. Rxc7 Rxc7 $11) 23...
Qa4 (23... Rxc1 24. Rxd7 Rxe1+ 25. Kg2 $18) 24. Bf4 Qb4 (24... g6 25. b3 Qc6
26. Bxc7 Rxc7 27. Rd1 $18) 25. Bd2 (25. Qe2 $142 $5 h6 $18) 25... Qxb2 (25...
Qb6 $18) 26. Rxe7 (26. Bf4 $142 Qb4 27. Qe2 $18) 26... Rxe7 $19 27. Rd8+ (27.
a3 Rf7 28. Rxf5 $19) 27... Re8 (27... Rxd8 $142 28. Qxd8+ Kf7 $19) 28. Qd5+ (
28. Rd7 Qf6 (28... Qxa2 $4 29. Qd4 Qf7 30. Rxf7 Kxf7 31. Qd7+ Kf6 32. g4 $18)
29. Be3 f4 30. Qd5+ Qe6 31. Qxe6+ Rxe6 32. gxf4 a6 33. Rxb7 Rc4 $19) 28... Kh8
29. Rd6 $2 (29. Rd7 Qf6 30. Qxb7 a6 $19) 29... Qe5 (29... Qb1+ $142 30. Kh2 Qf1
31. Qd4 $19) 30. Qd3 (30. Qxe5 Rxe5 31. Rd7 $19) 30... Qe4 31. Qb5 (31. Be3
Qxd3 32. Rxd3 $19) 31... Qf3 32. Qb2 (32. Rd4 h6 33. Qf1 $19) 32... Re2 (32...
Re2 33. Qxg7+ Kxg7 34. Rd7+ Kg8 35. Rg7+ Kxg7 36. Bc3+ Rxc3 37. a3 Qxf2+ 38.
Kh1 Re1#) 0-1

[Event "Boeing Action"]
[Site "?"]
[Date "1974.06.04"]
[Round "1"]
[White "Bailey, B."]
[Black "Lee, H."]
[Result "1-0"]
[WhiteElo "2050"]
[BlackElo "1514"]
[Annotator "Stockfish 13 (15s)"]
[PlyCount "37"]
[EventDate "1974.??.??"]

{B96: Sicilian Najdorf: 6 Bg5 e6 7 f4, lines other than 7...Qb6 and 7...Be7} 1.
e4 c5 2. Nf3 d6 3. d4 cxd4 4. Nxd4 Nf6 5. Nc3 a6 6. Bg5 e6 7. f4 Nbd7 8. Bd3
Qc7 9. Qe2 Qb6 $146 (9... Be7 10. Nf3 (10. O-O-O h6 11. Bh4 b5 12. Rhe1 b4 13.
Nd5 exd5 14. exd5 Nb8 15. Bxf6 gxf6 16. Bf5 Ra7 17. Bxc8 Qxc8 18. Rd3 Qc4 19.
Nf5 Qxf4+ 20. Qe3 Qg5 21. h4 Qxe3+ 22. Rdxe3 Kd8 23. Rxe7 Rxe7 24. Rxe7 Rg8 {
Dunis,A (2485)-Taddei,B (2315) Metz 2005 1-0}) 10... h6 11. Bh4 Nc5 12. O-O-O
b5 13. e5 dxe5 14. fxe5 Nd5 15. Nxd5 exd5 16. Bxe7 Qxe7 17. h3 O-O 18. Nd4 Qg5+
19. Kb1 Ne6 20. Nc6 Nf4 21. Qf2 Bd7 22. h4 Qg4 23. Ne7+ Kh8 24. g3 {
Tal,M-Balashov,Y Moscow 1969 0-1 (33)}) (9... b5 10. O-O-O Bb7 11. Rhe1 Be7 (
11... h6 12. Bh4 g5 13. Nd5 Nxd5 14. exd5 Bxd5 15. Be4 O-O-O 16. fxg5 hxg5 17.
Bxg5 Bh6 18. Bxh6 Rxh6 19. Bxd5 exd5 20. h3 Ne5 21. Nf5 Rf6 22. g4 Rh8 23. Qg2
Kb8 24. Re3 Rc8 25. Rc3 Nc4 26. Qxd5 {
Cuasnicu,O (2390)-Reinhardt,E Zarate 1973 1-0 (44)}) 12. e5 (12. Kb1 Nc5 13. e5
dxe5 14. fxe5 Nd5 15. Nxd5 Bxd5 16. Bxe7 Qxe7 17. Qg4 O-O-O 18. Nb3 Nxd3 19.
Rxd3 Kb8 20. Qxg7 Rhg8 21. Qh6 Rxg2 22. Qxh7 Qb4 23. Rc1 Rc8 24. Rd4 Qe7 25.
Rf4 Rc7 26. Qh8+ Ka7 {
Savon,V (2575)-Rashkovsky,N (2485) Moscow 1973 1/2-1/2 (57)}) 12... dxe5 13.
fxe5 Nd5 14. Bxe7 Nxc3 15. Qg4 Nxd1 16. Nxe6 Qc6 17. Nxg7+ Kxe7 18. Qg5+ f6 19.
exf6+ Kd8 20. f7+ Kc7 21. Qf4+ {
1-0 (21) Spassky,B (2655)-Rashkovsky,N (2485) Moscow 1973}) 10. Nb3 Qc7 11.
O-O-O Be7 12. Rhe1 e5 (12... h6 13. Bh4 e5 14. Bxf6 Nxf6 15. fxe5 dxe5 16. Nd5
$16) 13. f5 (13. Kb1 $142 $18) 13... a5 $4 (13... b5 $142 14. a3 h6 $14) 14.
Bb5 $18 O-O 15. Bxd7 (15. a4 $142 Nb6 16. Be3 $18) 15... Bxd7 $16 16. Bxf6 Bxf6
17. Nd5 Bg5+ (17... Qd8 18. Nd2 Rc8 19. Kb1 $16) 18. Kb1 Bc6 $4 (18... Qd8 $142
19. Nd2 Rc8 $18) 19. Nxc7 $18 1-0